00277nam a22001217a 4500008004100000020001800041041000800059080001500067082001000082100000700092101000800099245004800107210528b ||||| |||| 00| 0 eng d a9781464147067 aeng 23rda159.9 a159.9 a48 aPSI aPsychology in Everyday LifecDavid G. Myers